000 01081pab a2200169 454500
008 180718b2006 xxu||||| |||| 00| 0 eng d
100 _aJoshi, Seema
245 _aImpact of economic reforms on social sector expenditure in India
260 _c2006
300 _ap.358-65.
362 _a28 Jan
520 _aThe economic crisis of 1990s was precipitated mainly by the growth of public expenditure in the 1980s. An attempt was made to resolve this crisis through the introduction of stabilisation and structural adjustment programmes. One of the important planks of the stabilisation measures was the compression of public expenditure. This has brought to the forefront the issue of "transitional social costs" of stabilisation. This paper attempts to analyse the social sector outlays of the central and the state governments in the pre-reform and post-reform period and assesses the impact these had on the social sector in India. - Reproduced.
650 _aEconomic reform - India
650 _aEconomic reform
773 _aEconomic and Political Weekly
909 _a69805
999 _c69805
_d69805